MARC
|
|
|
|
| LEADER |
00000nam0a2200000 4500 |
| 001 |
269212 |
| 005 |
20231031224403.0 |
| 020 |
|
|
|a RU
|b 87-32050
|
| 035 |
|
|
|a (RuTPU)RU\TPU\book\292385
|
| 090 |
|
|
|a 269212
|
| 100 |
|
|
|a 20140915d1987 k a0rusy5003 ca
|
| 101 |
0 |
|
|a rus
|
| 102 |
|
|
|a RU
|
| 105 |
|
|
|a y z 001zy
|
| 200 |
1 |
|
|a Выбор путей общественного развития: теория, история, современность
|f П. В. Волобуев
|
| 210 |
|
|
|a Москва
|c Политиздат
|d 1987
|
| 215 |
|
|
|a 312 с.
|
| 606 |
1 |
|
|a Общественное развитие
|2 stltpush
|3 (RuTPU)RU\TPU\subj\37762
|
| 610 |
1 |
|
|a Россия
|
| 610 |
1 |
|
|a революционное движение
|
| 610 |
1 |
|
|a некапиталистический путь развития
|
| 610 |
1 |
|
|a теория
|
| 610 |
1 |
|
|a история
|
| 610 |
1 |
|
|a современность
|
| 686 |
|
|
|a С55
|2 rubbk
|
| 700 |
|
1 |
|a Волобуев
|b П. В.
|g Павел Васильевич
|4 070
|
| 801 |
|
0 |
|a RU
|b RuMRKP
|c 19950417
|g psbo
|
| 801 |
|
1 |
|a RU
|b 63413507
|c 20140915
|
| 801 |
|
2 |
|a RU
|b 63413507
|c 20151212
|g RCR
|
| 942 |
|
|
|c BK
|